[Event "Copenhagen Chess Challenge 2013"]
[Site "Ballerup DEN"]
[Date "2013.04.25"]
[Round "3"]
[White "Hansen,Mads3"]
[Black "Smith,Ax"]
[Result "1/2-1/2"]
[WhiteElo "2301"]
[BlackElo "2467"]

1.c4 e5 2.g3 c6 3.d4 e4 4.Nc3 d5 5.Bg2 Bb4 6.Qb3 Ba5 7.cxd5 cxd5 8.e3 Nf6
9.Ne2 O-O 10.O-O Nc6 11.f3 exf3 12.Bxf3 Bxc3 13.Nxc3 Na5 14.Qc2 Bh3 15.Bg2 Bxg2
16.Qxg2 Rc8 17.Bd2 Nc4 18.Rf5 g6 19.Rf4 Nxd2 20.Qxd2 Nh5 21.Rf3 f5 22.Qd1 Qd7
23.Qb3 Nf6 24.g4 Nxg4 25.Nxd5 Kh8 26.Raf1 Qe6 27.h3 Nh6 28.Qxb7 Rb8 29.Nf4 Qxa2
30.Qc7 Qf7 31.Qxf7 Nxf7 32.Ra1 Rxb2 33.Rxa7  1/2-1/2

[Event "48th Capablanca Open II 2013"]
[Site "Havana CUB"]
[Date "2013.04.25"]
[Round "5.19"]
[White "Arguelles,L"]
[Black "Lochte,T"]
[Result "1-0"]
[WhiteElo "2094"]
[BlackElo "2186"]

1.c4 e5 2.g3 Nf6 3.Bg2 c6 4.d4 e4 5.Nc3 d5 6.cxd5 cxd5 7.Bg5 Be7 8.Qb3 Nc6
9.e3 Nb4 10.O-O-O Nd3+ 11.Rxd3 exd3 12.Bxf6 Bxf6 13.Bxd5 O-O 14.Nf3 Qe7 15.Rd1 Rb8
16.Rxd3 b5 17.e4 b4 18.Na4 Ba6 19.Rd2 Rfc8+ 20.Kb1 Bb7 21.e5 Bxd5 22.Qxd5 Bg5
23.Rd1 Qc7 24.Nc5 Be7 25.Rc1 Rb5 26.Nd2 Bxc5 27.Nb3 a5 28.Nxc5 Qc6 29.Qxc6 Rxc6
30.f4 Rc8 31.Rc4 a4 32.Kc2 h5 33.Kd3 a3 34.b3 Kh7 35.Na6 Rd8 36.Nxb4 g5 37.Ke4 gxf4
38.gxf4 Rg8 39.Kf3 h4 40.d5 Rgb8 41.Nc6 Ra8 42.d6 Rxb3+ 43.axb3 a2 44.Rc1 Rc8
45.d7 Rxc6 46.Ra1  1-0

[Event "48th Capablanca Open I 2013"]
[Site "Havana CUB"]
[Date "2013.04.25"]
[Round "5.6"]
[White "Franco Alonso,A"]
[Black "Jimenez Fraga,P"]
[Result "1/2-1/2"]
[WhiteElo "2504"]
[BlackElo "2441"]

1.c4 e5 2.g3 g6 3.Bg2 Bg7 4.Nc3 Nf6 5.e4 O-O 6.Nge2 d6 7.d3 c6 8.O-O a6 9.h3 b5
10.cxb5 axb5 11.b4 Nh5 12.Bb2 Re8 13.Qd2 Ra7 14.g4 Nf6 15.f4 exf4 16.Nxf4 Nfd7
17.Nd1 Ne5 18.Ne3 Ba6 19.Rf2 Nbd7 20.d4 Nc4 21.Nxc4 bxc4 22.a4 Qb6 23.Re1 Bc8
24.a5 Qb5 25.Bc3 Ba6 26.Qe3 Rc7 27.Qf3 Nf6 28.Qg3 Rce7 29.Rfe2 Bb7 30.Kh1  1/2-1/2

[Event "Nakhchivan Open A 2013"]
[Site "Nakhchivan AZE"]
[Date "2013.04.25"]
[Round "4.18"]
[White "Yilmaz,M"]
[Black "Asgarizadeh,A"]
[Result "1-0"]
[WhiteElo "2531"]
[BlackElo "2312"]

1.c4 e5 2.g3 Nc6 3.Bg2 g6 4.Nc3 Bg7 5.e3 d6 6.Nge2 Nge7 7.O-O Be6 8.Nd5 O-O
9.Rb1 Qd7 10.b3 Rab8 11.Bb2 f5 12.d4 b5 13.Nxe7+ Nxe7 14.dxe5 dxe5 15.cxb5 Qxb5
16.Qc2 c5 17.Nc3 Qa5 18.Rfd1 Rfc8 19.Nd5 Nxd5 20.Bxd5 Bxd5 21.Rxd5 Qxa2 22.Rd7 Qa6
23.Rxg7+ Kxg7 24.Bxe5+ Kg8 25.Bxb8 Rxb8 26.Qxc5 Qd3 27.Rc1 Rxb3 28.Qxa7 Rb1
29.Qa2+ Rb3 30.h3 Kg7 31.Kh2 Rb7 32.Qa1+ Kh6 33.Qa4 Qd2 34.Qf4+ Kg7 35.Rc4 Qd5
36.Rd4 Qc5 37.h4 Qc6 38.Rd6 Qc5 39.h5 Re7 40.Rd8 Qc7 41.h6+ Kf7 42.Qd4 Qe5
43.Qc4+ Qe6 44.Qc3 Qe5 45.Qc8 g5 46.Rg8 Kf6 47.Rxg5  1-0

[Event "TCh-CZE Extraliga 2012-13"]
[Site "Czech Republic CZE"]
[Date "2013.04.26"]
[Round "9.3"]
[White "Spirin,O"]
[Black "Jirka,J"]
[Result "1/2-1/2"]
[WhiteElo "2472"]
[BlackElo "2411"]

1.c4 e5 2.g3 Nc6 3.Nc3 d6 4.Nf3 g6 5.d4 Bg7 6.dxe5 Nxe5 7.Nxe5 Bxe5 8.Bg2 Ne7
9.O-O O-O 10.Bg5 Bg7 11.Qd2 Rb8 12.Rad1 b6 13.b3 f6 14.Bh6 Bxh6 15.Qxh6 Bb7
16.e4 a6 17.Rfe1 Qe8 18.Qd2 Qf7 19.f4 Kh8 20.e5 fxe5 21.Bxb7 Rxb7 22.fxe5 dxe5
23.Rxe5 c5 24.Ne4 Qg7 25.Re6 Nf5 26.Qd8 Nd4 27.Re8 Rf7 28.Rxf8+ Rxf8 29.Qd6 Qf7
30.Qe5+ Kg8 31.Qd5 Qxd5 32.cxd5 a5 33.d6 Rd8 34.Rf1 Nf5 35.Rd1 h6 36.Kf2 Kf7
37.g4 Nd4 38.Ke3 Ke6 39.Rf1 Ke5 40.Rf7 Nc2+ 41.Kf3 Nb4 42.Re7+  1/2-1/2

[Event "Maharashtra Chess League 2013"]
[Site "Pune IND"]
[Date "2013.04.26"]
[Round "4"]
[White "Arun Prasad,S"]
[Black "Himanshu,Sh"]
[Result "1/2-1/2"]
[WhiteElo "2521"]
[BlackElo "2403"]

1.c4 e5 2.g3 Nf6 3.Bg2 d5 4.cxd5 Nxd5 5.Nc3 Nb6 6.e3 g6 7.Nge2 Bg7 8.f4 Nc6
9.fxe5 Nxe5 10.d4 Nc6 11.O-O O-O 12.Nf4 Ne7 13.Qf3 c6 14.g4 Be6 15.Rd1 Qd7
16.h3 f5 17.Nxe6 Qxe6 18.Qg3 Rad8 19.Kh1 Rfe8 20.b3 Kh8 21.Bd2 Ned5 22.gxf5 gxf5
23.Re1 Nxc3 24.Bxc3 Nd5 25.Bb2 Qg6 26.Qf3 Re7 27.e4 fxe4 28.Rxe4 Rf8 29.Qg4 Rxe4
30.Qxg6 hxg6 31.Bxe4 Rf2 32.Rb1 g5 33.a4 Nf4 34.Ba1 Nxh3 35.d5 cxd5 36.Bxd5 b6
37.Bxg7+ Kxg7 38.Re1 a5 39.Re7+ Kg6 40.Re6+ Rf6 41.Re3 Nf4 42.Bc4 g4 43.Kh2 Kg5
44.Re8 Nh5 45.Kg2 Ng7 46.Rg8 Kh6 47.Rh8+ Kg6 48.Bd3+ Kg5 49.Rg8 Rf7 50.Rb8 Ne6
51.Bc4 Nf4+ 52.Kg3 Rf6  1/2-1/2

[Event "TCh-CZE Extraliga 2012-13"]
[Site "Czech Republic CZE"]
[Date "2013.04.27"]
[Round "10.7"]
[White "Brodowski,P"]
[Black "Londyn,R"]
[Result "1-0"]
[WhiteElo "2422"]
[BlackElo "2339"]

1.c4 e5 2.g3 Nf6 3.Bg2 Nc6 4.Nc3 Bb4 5.Nf3 Bxc3 6.dxc3 d6 7.Nd2 Be6 8.e4 Qd7
9.h3 Ng8 10.Qe2 Nge7 11.Nf1 O-O 12.Ne3 Rae8 13.Nd5 Nd8 14.Be3 c5 15.O-O-O Bxd5
16.cxd5 f5 17.f3 f4 18.gxf4 exf4 19.Bf2 Ng6 20.h4 Ne5 21.Kb1 Qa4 22.Rhg1 b5
23.h5 b4 24.b3 Qa3 25.cxb4 Qxb4 26.Be1 Qb6 27.Bc3 a5 28.Ka1 Rf7 29.Rb1 Ra7
30.Qd2 Rf8 31.Rgc1 Rf6 32.Bxe5 dxe5 33.Qc3 Nf7 34.Bh3 Rc7 35.Be6 Kf8 36.Bxf7 Rfxf7
37.Qxe5 Qf6 38.Qxf6 gxf6 39.Rg1 Rg7 40.h6 Rg6 41.Rxg6 hxg6 42.Rh1 Kg8 43.h7+ Kh8
44.Kb2 c4 45.Rc1 Rb7 46.Rxc4 Kxh7 47.d6 Kh6 48.Kc3 Rd7 49.Rc6 Kg5 50.Kd4 Kh4
51.e5 fxe5+ 52.Kxe5 Kg3 53.Rc3 Rd8 54.Rd3 g5 55.d7 Kf2 56.Ke6 Ke2 57.Rc3 Kf2
58.Ke7 Rh8 59.d8=Q Rxd8 60.Kxd8  1-0

[Event "TCh-CZE Extraliga 2012-13"]
[Site "Czech Republic CZE"]
[Date "2013.04.27"]
[Round "10.3"]
[White "Spirin,O"]
[Black "Polak,T"]
[Result "1-0"]
[WhiteElo "2472"]
[BlackElo "2520"]

1.c4 e5 2.g3 Nf6 3.Bg2 Nc6 4.Nc3 Bb4 5.e4 Bxc3 6.bxc3 d6 7.d3 O-O 8.Ne2 Ne8
9.Rb1 Rb8 10.O-O f5 11.f3 Nf6 12.h3 Kh8 13.Be3 b6 14.exf5 Bxf5 15.g4 Bd7
16.f4 exf4 17.Bxf4 Ne5 18.Qd2 Qe8 19.Nd4 Qg6 20.Bxe5 dxe5 21.Nf3 e4 22.Ne5 Qe8
23.d4 Be6 24.Rbe1 Qa4 25.d5 Bg8 26.g5 Nd7 27.Nxd7 Rxf1+ 28.Bxf1 Qxd7 29.Rxe4 Rf8
30.Bg2 Qd6 31.Qe3 Bf7 32.Re7 Bg6 33.Re6 Qd7 34.Rc6 Rf7 35.Rxc7 Rf1+ 36.Bxf1 Qxc7
37.Kg2 Qd6 38.Qg3 Qd8 39.Qe5 Kg8 40.Be2 Qe8 41.Qxe8+ Bxe8 42.Kg3 Kf7 43.Kf4 Ke7
44.Ke5 Bf7 45.Bg4 h6 46.h4 hxg5 47.hxg5 Bg6 48.d6+ Kd8 49.a3 Bb1 50.c5  1-0

[Event "Nakhchivan Open A 2013"]
[Site "Nakhchivan AZE"]
[Date "2013.04.29"]
[Round "7.28"]
[White "Khalafova,N"]
[Black "Bayramov,V"]
[Result "1/2-1/2"]
[WhiteElo "2114"]
[BlackElo "2231"]

1.c4 e5 2.g3 Nf6 3.Bg2 d6 4.Nc3 Be7 5.Nf3 O-O 6.O-O c6 7.d4 e4 8.Ng5 d5 9.cxd5 cxd5
10.f3 exf3 11.Rxf3 Nc6 12.Qd3 Ne4 13.Ngxe4 dxe4 14.Qxe4 Qxd4+ 15.Be3 Qxe4
16.Nxe4 Be6 17.Rff1 Rfd8 18.Nc5 Bxc5 19.Bxc5 Rd2 20.b4 Bc4 21.Rfd1 Rad8 22.Rxd2 Rxd2
23.a4 Bxe2 24.b5 Ne5 25.Bxa7 Bf3 26.Bxf3 Nxf3+ 27.Kf1 Nxh2+ 28.Ke1 Nf3+ 29.Kf1 g5
30.Bf2 Rb2 31.Rc1 Ra2 32.Rc7 Rxa4 33.Rxb7 Ra2 34.b6 Rb2 35.Rc7 Nh2+ 36.Ke1 Nf3+
37.Kd1 Rxf2 38.b7 Rb2 39.Rc8+ Kg7 40.b8=Q Rxb8 41.Rxb8  1/2-1/2

[Event "31st Liechtenstein Open 2013"]
[Site "Triesen LIE"]
[Date "2013.05.03"]
[Round "1.19"]
[White "Poettinger,H"]
[Black "Polzin,J"]
[Result "1-0"]
[WhiteElo "2270"]
[BlackElo "1928"]

1.c4 e5 2.g3 Nf6 3.Bg2 Nc6 4.Nc3 d6 5.Nf3 Be7 6.d4 exd4 7.Nxd4 Nxd4 8.Qxd4 O-O
9.O-O a6 10.b3 Re8 11.Bb2 Bf8 12.h3 Qe7 13.Rfe1 Qe5 14.Nd5 Qxd4 15.Bxd4 Nxd5
16.cxd5 Bd7 17.Rac1 Rac8 18.e4 c6 19.dxc6 Bxc6 20.Re3 f6 21.h4 Bd7 22.Rxc8 Rxc8
23.Rc3 Rxc3 24.Bxc3 Bc6 25.f4 Kf7 26.Kf2 Be7 27.Bf3 Bd8 28.Bd4 Bc7 29.Ke3 Ke7
30.h5 Kf7 31.Be2 b5 32.b4 Ke7 33.Bd1 Be8 34.a3 Bf7 35.Bf3 Bc4 36.Bg4 Be6
37.Bxe6 Kxe6 38.f5+ Kd7 39.h6 gxh6 40.Bxf6 Ke8 41.g4 Kf7 42.Bh4 Bb6+ 43.Kd3 Ba7
44.Bg3 Ke7 45.Bf4 h5 46.gxh5 Kd7 47.Be3 Bb8 48.Bd4 Bc7 49.Ke3 Bd8 50.Kf4 Bh4
51.e5 dxe5+ 52.Kxe5  1-0

[Event "31st Liechtenstein Open 2013"]
[Site "Triesen LIE"]
[Date "2013.05.04"]
[Round "2.15"]
[White "Marentini,M"]
[Black "Poettinger,H"]
[Result "1/2-1/2"]
[WhiteElo "2060"]
[BlackElo "2270"]

1.c4 e5 2.g3 d6 3.Nc3 f5 4.Bg2 Nf6 5.d3 Be7 6.e4 O-O 7.Nge2 fxe4 8.dxe4 c5
9.O-O Nc6 10.Bg5 Nd4 11.Bxf6 Bxf6 12.Nd5 Bg4 13.f3 Be6 14.Nec3 Qd7 15.Qd3 Rab8
16.Rab1 a6 17.b4 b5 18.cxb5 axb5 19.f4 Rfc8 20.Kh1 Bd8 21.Rf2 cxb4 22.Nxb4 Ba5
23.Ncd5 Bxb4 24.Nxb4 Ra8 25.f5  1/2-1/2

[Event "46th ch-JPN"]
[Site "Tokyo JPN"]
[Date "2013.05.05"]
[Round "10.5"]
[White "Noguchi,K"]
[Black "Inoue,S"]
[Result "1-0"]
[WhiteElo "2062"]
[BlackElo "2038"]

1.c4 e5 2.g3 d6 3.Bg2 f5 4.d4 Be7 5.Nc3 c6 6.e3 Nf6 7.Nge2 O-O 8.b4 Kh8 9.O-O Be6
10.d5 Bg8 11.Qc2 cxd5 12.cxd5 Na6 13.Qb3 Qb6 14.Rb1 Rac8 15.a4 Qd8 16.Bb2 Nh5
17.Nb5 Ra8 18.Rbc1 Bf6 19.Rfd1 g5 20.f4 gxf4 21.gxf4 Bf7 22.Ng3 Nxg3 23.hxg3 Rg8
24.Kf2 Rg7 25.Rh1 Qb6 26.Rh6 Qd8 27.Qc3 Bg6 28.Nxd6 Qxd6 29.fxe5 Qxb4 30.exf6 Rf7
31.Rh4 Qd6 32.Qc8+  1-0

[Event "31st Liechtenstein Open 2013"]
[Site "Triesen LIE"]
[Date "2013.05.08"]
[Round "6.20"]
[White "Poettinger,H"]
[Black "Hofer,Emilian"]
[Result "1-0"]
[WhiteElo "2270"]
[BlackElo "1979"]

1.c4 e5 2.g3 Nf6 3.Bg2 d5 4.cxd5 Nxd5 5.Nf3 Nc6 6.O-O Nb6 7.Nc3 Be7 8.a3 a5
9.d3 O-O 10.Be3 Be6 11.Bxb6 cxb6 12.Nd2 Qd4 13.Rc1 Bc5 14.Qa4 Qd7 15.Nc4 Bxc4
16.Qxc4 Rac8 17.Rfe1 Nd4 18.Qd5 Qf5 19.e3 Nc6 20.Na4 Rcd8 21.Qe4 Qxe4 22.Bxe4 f5
23.Bxc6 bxc6 24.Red1 Rd5 25.Kf1 Rfd8 26.Ke2 g5 27.Rc3 f4 28.Nxc5 Rxc5 29.Rxc5 bxc5
30.Rc1 Rb8 31.gxf4 exf4 32.Rxc5 Rxb2+ 33.Kf3 Rb5 34.Rxc6 fxe3 35.fxe3 Rb3
36.Rc5 g4+ 37.Ke4 Rxa3 38.Rg5+ Kf7 39.Rxg4 Ra2 40.h4 a4 41.Rg5 Kf6 42.Ra5 Rh2
43.Ra6+ Kf7 44.d4 Rxh4+ 45.Kf5 Rh3 46.Ra7+ Kf8 47.Kf4 Rh4+ 48.Kg3 Re4 49.Kf3 Re6
50.Rxa4 h5 51.Ra5 Rh6 52.Re5 Kf7 53.Kg3 h4+ 54.Kh3 Kf6 55.Re4 Kg5 56.Rg4+ Kf5
57.e4+ Ke6 58.Rxh4 Rg6 59.Rg4 Rh6+ 60.Kg3 Rh1 61.Rg6+ Ke7 62.Kf4 Rh4+ 63.Rg4 Rh1
64.e5 Rd1 65.Ke4 Ra1 66.Rg7+ Ke8 67.Rh7 Kd8 68.d5 Ra5 69.d6 Ra1 70.e6 Re1+
71.Kd5 Rd1+ 72.Kc5 Rc1+ 73.Kb4  1-0

[Event "Tschaturanga Open 2013"]
[Site "Vienna AUT"]
[Date "2013.05.08"]
[Round "3.6"]
[White "Steiner,B"]
[Black "Schwabeneder,Florian"]
[Result "0-1"]
[WhiteElo "2166"]
[BlackElo "2354"]

1.c4 e5 2.g3 Nf6 3.Bg2 d5 4.cxd5 Nxd5 5.Nf3 Nc6 6.O-O Nb6 7.d3 Be7 8.a3 O-O
9.Nbd2 a5 10.b3 f6 11.Bb2 Be6 12.Qc2 Qd7 13.Rfc1 Rfd8 14.Ne4 Qe8 15.Nfd2 Nd7
16.e3 f5 17.Nc3 Nc5 18.Nb5 Nxd3 19.Nxc7 Qd7 20.Nxa8 Nxc1 21.Bxc1 Rxa8 22.Nc4 Rd8
23.Bb2 e4 24.Bf1 b5 25.Ne5 Nxe5 26.Bxe5 Qd5 27.Bc7 Rc8 28.b4 Qd7 29.Rc1 Bd8
30.bxa5 Rxc7 31.Qb2 Rxc1 32.Qxc1 Bxa5 33.Qc5 Be1 34.Qe5 Bc4 35.a4 Bxf2+  0-1

[Event "26th Metropolitan GM"]
[Site "Los Angeles USA"]
[Date "2013.05.10"]
[Round "5"]
[White "Georgiev,Vl"]
[Black "Sevillano,E"]
[Result "1/2-1/2"]
[WhiteElo "2559"]
[BlackElo "2500"]

1.c4 e5 2.g3 Nc6 3.Bg2 g6 4.Nc3 Bg7 5.Rb1 Nge7 6.b4 a6 7.e3 O-O 8.Nge2 d6
9.O-O Rb8 10.d3 h6  1/2-1/2

[Event "Victory Day Open 2013"]
[Site "Moscow RUS"]
[Date "2013.05.12"]
[Round "6.7"]
[White "Kozlov,VN"]
[Black "Lednev,Valeriy"]
[Result "1-0"]
[WhiteElo "2261"]
[BlackElo "2074"]

1.c4 e5 2.g3 Nf6 3.Bg2 d5 4.cxd5 Nxd5 5.Nf3 Nc6 6.d3 Be7 7.O-O O-O 8.Nbd2 Be6
9.a3 a5 10.Qc2 Nd4 11.Nxd4 exd4 12.Nb3 c5 13.Bd2 b6 14.Rae1 Qd7 15.e3 dxe3
16.fxe3 Rad8 17.Nc1 Rfe8 18.e4 Nc7 19.Be3 Nb5 20.Kh1 Nd4 21.Qf2 Bf6 22.Bf4 c4
23.Re3 cxd3 24.Nxd3 Bc4 25.Rc1 Qb5 26.Rc3 Ne6 27.e5 Be7 28.b3 Bxd3 29.Bc6 Qa6
30.Bxe8 Bc5 31.Bxf7+ Kxf7 32.Bg5+ Ke8 33.Bxd8 Be4+ 34.Kg1 Kxd8 35.Rxc5 Nxc5
36.Qf8+ Kd7 37.Qxg7+ Ke6 38.Qf6+ Kd7 39.e6+ Ke8 40.Qf7+ Kd8 41.e7+  1-0

[Event "Somov Memorial 2013"]
[Site "Kirishi RUS"]
[Date "2013.05.17"]
[Round "10.5"]
[White "Zenzera,A"]
[Black "Eliseev,U"]
[Result "0-1"]
[WhiteElo "2387"]
[BlackElo "2557"]

1.c4 e5 2.g3 Nf6 3.Bg2 d5 4.cxd5 Nxd5 5.Nc3 Nb6 6.d3 Be7 7.Be3 O-O 8.Rc1 Re8
9.Nf3 Nc6 10.O-O Bf8 11.Ne4 Nd4 12.Bxd4 exd4 13.Ned2 c5 14.Nb3 Nd7 15.Qd2 a5
16.e3 a4 17.Na1 dxe3 18.fxe3 Nf6 19.Nc2 Be6 20.a3 Ra6 21.Ng5 Bd5 22.e4 Bb3
23.Na1 h6 24.Nxb3 axb3 25.Nf3 Rd6 26.e5 Rxd3 27.Qe2 Ng4 28.Qe4 Ne3 29.Rfe1 c4
30.Bf1 Nxf1 31.Rxf1 b5 32.Qc6 Rd5 33.a4 Re6 34.Qb7 Re7 35.Qc6 Rc7 36.Qa6 Ra7
37.Qc6 Rxa4 38.e6 Ra7 39.Nh4 Qd6 40.exf7+ Rxf7 41.Qa8 Qb6+ 42.Kh1 Qb7 43.Qxb7 Rxb7
44.Ng6 Rf7  0-1

[Event "BSG Pinkstertoernooi 2013"]
[Site "Bussum NED"]
[Date "2013.05.18"]
[Round "1.3"]
[White "Riemersma,L"]
[Black "Markus,J"]
[Result "1-0"]
[WhiteElo "2427"]
[BlackElo "2072"]

1.c4 e5 2.g3 Nf6 3.Bg2 d5 4.cxd5 Nxd5 5.Nc3 Nb6 6.Nf3 Nc6 7.O-O Be7 8.a3 O-O
9.b4 Be6 10.d3 a5 11.b5 Nd4 12.Nd2 Nd5 13.Bxd5 Bxd5 14.e3 Nxb5 15.Nxb5 Bc6
16.Rb1 Qxd3 17.Qb3 Qg6 18.e4 Rad8 19.Nc3 a4 20.Qa2 Rd3 21.Qc4 Rd4 22.Qe2 Bf6
23.Nd5 h5 24.Bb2 Rxd2 25.Qxd2 Qxe4 26.Nxf6+ gxf6 27.f3 Qg6 28.Rbd1 h4 29.Rf2 Re8
30.Qd3 e4 31.fxe4 Bxe4 32.Qc3  1-0

[Event "BSG Pinkstertoernooi 2013"]
[Site "Bussum NED"]
[Date "2013.05.18"]
[Round "2.22"]
[White "Cornelisse,J"]
[Black "Van Eeghen,Piet"]
[Result "1-0"]
[WhiteElo "2215"]
[BlackElo "1786"]

1.c4 e5 2.g3 Nf6 3.Bg2 c6 4.d4 exd4 5.Qxd4 Na6 6.Nc3 h6 7.Nf3 Bc5 8.Qd1 O-O
9.O-O Re8 10.a3 Nc7 11.b4 Bf8 12.Bb2 d5 13.c5 Ne6 14.Qc2 b6 15.cxb6 axb6
16.b5 c5 17.e3 Bb7 18.Nh4 Qd7 19.Ne2 Ne4 20.a4 N6g5 21.Nf4 Nh7 22.Rfd1 Rad8
23.Nf3 Qe7 24.Ne5 Nhf6 25.Qe2 d4 26.exd4 cxd4 27.Rxd4 Rxd4 28.Bxd4 Qd6 29.Qb2 Rd8
30.Be3 g5 31.Ne2 Bg7 32.Nc4 Qd3 33.Rc1 Bc8 34.Bf1 Ng4 35.Nd4 Bxd4 36.Bxd3 Bxb2
37.Nxb2 Nxe3 38.Bxe4 Ng4 39.Nc4 Be6 40.Nxb6 Rd2 41.Rc2 Rd1+ 42.Kg2 f5 43.Bf3 Rd6
44.Nc4 Rd4 45.b6 Bxc4 46.b7  1-0

[Event "BSG Pinkstertoernooi 2013"]
[Site "Bussum NED"]
[Date "2013.05.18"]
[Round "3.17"]
[White "Overeem,M"]
[Black "Sanijs,F"]
[Result "1-0"]
[WhiteElo "2157"]
[BlackElo "2043"]

1.c4 e5 2.g3 Nc6 3.Bg2 Nf6 4.Nc3 Bc5 5.e3 O-O 6.Nge2 Re8 7.O-O a6 8.d4 Ba7
9.d5 Nb8 10.d6 Nc6 11.b3 Bc5 12.dxc7 Qxc7 13.Bb2 d6 14.Rc1 Bg4 15.h3 Bh5
16.Qd2 Rab8 17.Nd5 Qd8 18.Nec3 Nxd5 19.Nxd5 Ne7 20.b4 Ba7 21.g4 Bg6 22.Rfd1 h5
23.Qe2 hxg4 24.hxg4 Nxd5 25.Rxd5 Qb6 26.Qd2 Re6 27.c5 dxc5 28.bxc5 Qc7 29.Rd7 Qc8
30.Bxb7  1-0

[Event "7th IBC Limburg Open"]
[Site "Limburg NED"]
[Date "2013.05.18"]
[Round "2.5"]
[White "Thinius,M"]
[Black "Hausrath,D"]
[Result "1/2-1/2"]
[WhiteElo "2375"]
[BlackElo "2496"]

1.c4 e5 2.g3 Nc6 3.Nc3 g6 4.Bg2 Bg7 5.d3 d6 6.e4 Nf6 7.Nge2 O-O 8.O-O a6
9.Nd5 Nxd5 10.cxd5 Ne7 11.Bg5 h6 12.Be3 c6 13.dxc6 bxc6 14.Qd2 Kh7 15.d4 Rb8
16.Rac1 d5 17.Rfd1 dxe4 18.Bxe4 f5 19.Bg2 e4  1/2-1/2

[Event "Hungarian National Open 2013"]
[Site "Zalakaros HUN"]
[Date "2013.05.22"]
[Round "1"]
[White "Ianov,V"]
[Black "Friml,A"]
[Result "1-0"]
[WhiteElo "2327"]
[BlackElo "2124"]

1.g3 e5 2.c4 Nf6 3.Bg2 Bc5 4.Nc3 d6 5.e3 O-O 6.Nge2 c6 7.O-O Be6 8.b3 d5
9.cxd5 Nxd5 10.Bb2 Nxc3 11.Bxc3 Bd6 12.f4 f6 13.d4 exf4 14.Nxf4 Bf7 15.e4 Nd7
16.Qg4 Qe7 17.Rae1 Rad8 18.Ba1 Bc7 19.Bh3 Rfe8 20.Nh5 Bg6 21.Nf4 Bf7 22.Bb2 Bb6
23.Kh1 Nf8 24.d5 cxd5 25.e5 Bg6 26.Bg2 fxe5 27.Rxe5 Qb4 28.Rxe8 Rxe8 29.Bxd5+ Kh8
30.Nxg6+  1-0

[Event "Hungarian National Open 2013"]
[Site "Zalakaros HUN"]
[Date "2013.05.24"]
[Round "3"]
[White "Ianov,V"]
[Black "Boros,De"]
[Result "0-1"]
[WhiteElo "2327"]
[BlackElo "2498"]

1.c4 e5 2.g3 Nf6 3.Bg2 c6 4.d4 Bb4+ 5.Bd2 Bxd2+ 6.Qxd2 d6 7.Nc3 O-O 8.Rd1 Nbd7
9.e4 Re8 10.Nf3 a6 11.O-O Qe7 12.Rfe1 b5 13.dxe5 dxe5 14.Qd6 Bb7 15.Qxe7 Rxe7
16.Nh4 g6 17.Bh3 Nf8 18.c5 a5 19.a4 Bc8 20.Rd8 Re8 21.Rxe8 Nxe8 22.Bxc8 Rxc8
23.axb5 cxb5 24.Nxb5 Rxc5 25.Nc3 Nd6 26.Nf3 Nc4 27.b3 Nb6 28.Re3 Ne6 29.Rd3 f6
30.h4 Kf7 31.Kf1 Rc6 32.Nb5 Rc1+ 33.Kg2 Nc5 34.Rd6 Nc8 35.Rd8 Nxe4 36.Nd2 Rd1
37.Rxc8 Rxd2 38.Rc7+ Ke6 39.Kf3 f5 40.Rc6+ Kd5 41.Ra6 Rxf2+ 42.Ke3 f4+  0-1

[Event "22nd TCh-CRO Cup 2013"]
[Site "Bol na Bracu CRO"]
[Date "2013.05.25"]
[Round "5.74"]
[White "Nikolic,E"]
[Black "Livaic,D"]
[Result "1-0"]
[WhiteElo "2164"]
[BlackElo "2062"]

1.c4 e5 2.g3 Nf6 3.Bg2 Nc6 4.Nc3 Bb4 5.Nd5 Bc5 6.e3 Nb4 7.Nxb4 Bxb4 8.Nf3 Qe7
9.O-O c6 10.a3 Ba5 11.b4 Bc7 12.Bb2 O-O 13.Qc2 d6 14.h3 Re8 15.Rac1 a6 16.Kh2 d5
17.d3 Bf5 18.cxd5 Bd7 19.Nd2 Rac8 20.dxc6 bxc6 21.Nb3 Bb6 22.Nc5 Bxc5 23.Qxc5 Bf5
24.Rfd1 Bd7 25.Qxe7 Rxe7 26.Rc5 Nd5 27.Rdc1 Rce8 28.Ra5 Ra8 29.Bxd5 cxd5
30.Rxd5 Bb5 31.Bxe5 Bxd3 32.Bxg7 Be4 33.Re5 Rxe5 34.Bxe5 Re8 35.Bd4 h6 36.g4 Kh7
37.Kg3 Re7 38.Rc5 Bd3 39.Rc6 Bb5 40.Rf6 Bc4 41.Rd6 Re8 42.Bf6 Ra8 43.Rd8 Ra7
44.Bd4 Rc7 45.h4 Rc6 46.Rh8+  1-0

[Event "e2e4 Sunningdale Open"]
[Site "Ascot ENG"]
[Date "2013.05.26"]
[Round "5"]
[White "Tozer,Philip A A"]
[Black "Stolberg Rohr,T"]
[Result "1-0"]
[WhiteElo "2165"]
[BlackElo "2037"]

1.c4 e5 2.g3 Nc6 3.Nc3 f5 4.Nf3 Nf6 5.d4 exd4 6.Nxd4 d6 7.Bg2 Ne5 8.O-O c6
9.e4 fxe4 10.Nxe4 Nxe4 11.Bxe4 Qf6 12.f4 Nxc4 13.Nxc6 Nb6 14.Re1 bxc6 15.Bxc6+ Kf7
16.Be3 d5 17.Bxa8 Qd6 18.Bxb6 Qxb6+ 19.Kh1 d4 20.Bd5+ Kf6 21.Qh5 g6 22.Qe5+  1-0

[Event "La Punta Closed 2013"]
[Site "San Luis ARG"]
[Date "2013.05.31"]
[Round "8.2"]
[White "Flores,Di"]
[Black "Hernandez Guerrero,G"]
[Result "1/2-1/2"]
[WhiteElo "2586"]
[BlackElo "2523"]

1.c4 e5 2.g3 Nf6 3.Bg2 c6 4.Nf3 e4 5.Nd4 d5 6.cxd5 cxd5 7.d3 Bc5 8.Nb3 Bb4+
9.Bd2 Nc6 10.O-O Bxd2 11.Qxd2 Qe7 12.Nc3 O-O 13.dxe4 dxe4 14.Rfd1 Bf5 15.Nd4 Nxd4  1/2-1/2

[Event "Icelandic Open Championship 2013"]
[Site "Reykjavik ISL"]
[Date "2013.06.01"]
[Round "2.10"]
[White "Ptacnikova,L"]
[Black "Valdimarsson,E"]
[Result "1-0"]
[WhiteElo "2255"]
[BlackElo "1851"]

1.c4 e5 2.g3 Nf6 3.Bg2 Be7 4.Nc3 d6 5.e3 c6 6.d4 Qc7 7.Nge2 Bg4 8.h3 Be6
9.d5 Bc8 10.O-O O-O 11.e4 cxd5 12.cxd5 Nbd7 13.Be3 b6 14.Rc1 Qb8 15.f4 b5
16.b4 a5 17.Rb1 Nb6 18.bxa5 Rxa5 19.a4 Nc4 20.Bf2 b4 21.Na2 Qa8 22.Rxb4 Ba6
23.Nac3 Rc8 24.Re1 Nd7 25.Nc1 Nc5 26.Nb3 Nxb3 27.Qxb3 Bd8 28.Rd1 h6 29.Bf1 Nb6
30.Bxb6 Bxf1 31.Bxd8 Rxd8 32.Kxf1 exf4 33.gxf4 Qc8 34.Nb5 g5 35.fxg5 hxg5
36.Rc4 Qd7 37.Rdc1 Qe7 38.Qc3 Raa8 39.Re1 Rf8 40.Rc7 Qd8 41.a5 Rb8 42.Nd4 Qf6+
43.Nf5  1-0

[Event "OKU Open A 2013"]
[Site "Maarssen NED"]
[Date "2013.06.02"]
[Round "6.2"]
[White "Janssen,Ru"]
[Black "Guliyev,N"]
[Result "1-0"]
[WhiteElo "2469"]
[BlackElo "2550"]

1.c4 e5 2.g3 Nf6 3.Bg2 Nc6 4.Nc3 Bb4 5.Nd5 Bc5 6.Nf3 O-O 7.O-O d6 8.e3 Bb6
9.d4 Bg4 10.dxe5 Nxe5 11.Nxb6 axb6 12.b3 Nfd7 13.h3 Bxf3 14.Bxf3 Qf6 15.Bxb7 Ra7
16.Bg2 Nf3+ 17.Bxf3 Qxa1 18.a4 Qa2 19.Be4 Nc5 20.Bc2 Rd8 21.Qd2 Kf8 22.Qc3 Nxb3
23.Bb2 Na5 24.Qxg7+ Ke8 25.Bf5 d5 26.Qe5+ Kf8 27.Qh8+ Ke7 28.Bf6+  1-0

[Event "Grand Europe Open Albena"]
[Site "Albena BUL"]
[Date "2013.06.03"]
[Round "3.13"]
[White "Valles,M"]
[Black "Ashwin,J"]
[Result "1/2-1/2"]
[WhiteElo "2261"]
[BlackElo "2472"]

1.c4 e5 2.g3 Nf6 3.Bg2 h6 4.Nc3 Bb4 5.e4 Nc6 6.Nge2 d6 7.a3 Bc5 8.b4 Bb6
9.h3 a5 10.Rb1 O-O 11.O-O Nh7 12.Nd5 Ba7 13.b5 Ne7 14.d4 Nxd5 15.cxd5 f5
16.Bb2 fxe4 17.dxe5 dxe5 18.Bxe5 Ng5 19.Nf4 Qe7 20.Ng6 Qe8 21.Nxf8 Qxe5 22.b6 Bxb6
23.Rxb6 cxb6 24.Ng6 Qd6 25.Nf4 Bf5 26.Qd4 Nf3+ 27.Bxf3 exf3 28.g4 Bd7 29.Nh5 Qg6
30.Re1 Rc8 31.d6 Rf8 32.Re7 Rf7 33.Rxf7 Qxf7 34.Qxb6 Qe6 35.Qd4 Qf6 36.Kh2 b5
37.Qb6 Qe6 38.Qd4 Qf7 39.Qc3 Qg6 40.Qd4 Qf7  1/2-1/2

[Event "Grand Europe Open Albena"]
[Site "Albena BUL"]
[Date "2013.06.06"]
[Round "6.16"]
[White "Smith,Bry"]
[Black "Sukandar,I"]
[Result "0-1"]
[WhiteElo "2467"]
[BlackElo "2364"]

1.c4 e5 2.g3 c6 3.d4 e4 4.d5 Bb4+ 5.Nc3 d6 6.Bd2 Nf6 7.Bg2 Bf5 8.Qa4 Bc5
9.e3 O-O 10.Nge2 Nbd7 11.Nd4 Bxd4 12.exd4 cxd5 13.Nxd5 Nxd5 14.cxd5 Qb6 15.O-O Nf6
16.f3 exf3 17.Rxf3 Bd7 18.Qb4 Nxd5 19.Qxb6 Nxb6 20.Rc3 d5 21.Rc7 Bc6 22.Bh3 Rfe8
23.Rf1 f6 24.Bb4 Re2 25.Rf2 Rae8 26.Rxe2 Rxe2 27.Bc5 g6 28.b4 f5 29.Bf1 Re1
30.Kf2 Rb1 31.Be7 Nc4 32.Bxc4 dxc4 33.Ke3 c3 34.Bg5 c2 35.Kf2 Rxb4 36.d5 Bxd5
37.Rxc2 Ra4 38.Rc7 Rxa2+ 39.Ke3 Ra4 40.Bf6 Re4+ 41.Kd3 Re6 42.Bd4 a5 43.Rc8+ Kf7
44.Ra8 Be4+ 45.Kd2 Rc6 46.Rxa5 Rc2+ 47.Ke3 Rxh2 48.Ra8 g5 49.Rc8 Kg6 50.Rh8 h6
51.Be5 Ra2 52.Kd4 Rd2+ 53.Ke3 Rd3+ 54.Ke2 Rb3 55.Bd6 b5 56.Rb8 Kh5 57.Rb6 Kg4
58.Be5 h5 59.Rg6 f4  0-1

[Event "Icelandic Open Championship 2013"]
[Site "Reykjavik ISL"]
[Date "2013.06.07"]
[Round "9.5"]
[White "Karlsson,MiJ"]
[Black "Bjornsson,Si"]
[Result "0-1"]
[WhiteElo "2022"]
[BlackElo "2397"]

1.c4 e5 2.g3 Nf6 3.Bg2 Nc6 4.Nf3 h6 5.O-O e4 6.Ne1 Bc5 7.Nc3 Qe7 8.Nc2 d6
9.Nd5 Nxd5 10.cxd5 Nb8 11.b4 Bb6 12.Bb2 O-O 13.Ne3 c5 14.Nc4 Nd7 15.d3 exd3
16.Qxd3 cxb4 17.Nxb6 Nxb6 18.Qd4 f6 19.e4 Nd7 20.Qxb4 Nc5 21.Rad1 b6 22.Rfe1 Bd7
23.f4 Rae8 24.Bd4 Bg4 25.Rd2 Qd7 26.Qa3 Re7 27.Bxc5 bxc5 28.Rf2 Rfe8 29.f5 Rb8
30.h3 Bh5 31.Rb2 Qc8 32.Reb1 Reb7 33.Kf2 Rb4 34.Qc3 a5 35.a3 Rxb2+ 36.Rxb2 Rxb2+
37.Qxb2 c4 38.Qc3 Qc5+ 39.Ke1 Be8 40.Bf1 Ba4 41.Kd2 Bb3 42.a4 Kf8 43.Be2 Ke7
44.h4 Kd7 45.g4 Kc7 46.g5 Qb4 47.gxf6 gxf6 48.Qxb4 axb4 49.Ke3 c3 50.Bb5 Bc2
51.Bd3 Bxa4 52.Kd4 Bb3  0-1